000 00653cab a22002415a 4500
001 L157017
008 120813e20120223xxk 000 0 eng d
035 _a(Sirsi) u157017
041 0 _aeng
100 1 _aGreeman, Adrian
245 0 0 _aGrasping the nettle
260 _c2012
490 _aNew Civil Engineer
_v9-16 August 2012, 28-29(2)
520 _aLooks at why infrastructure is slower to adopt BIM than the construction industry.
590 _aKA
651 4 _aScandinavia
651 4 _aFinland
651 4 _aUnited States
_y1959-
651 4 _aUnited Kingdom
_y
690 _aBIM
_96219
690 _aInfrastructure
_96246
942 _n0
999 _c84237
_d84237